[Event "SVK-chT2B 2223"]
[Site "Slovakia"]
[Date "2023.02.11"]
[Round "8.2"]
[White "Molnar, Erno"]
[Black "Skreno, Vladimir"]
[Result "0-1"]
[WhiteElo "2234"]
[BlackElo "2093"]
[PlyCount "152"]
[EventDate "2022.10.08"]
[EventType "team-tourn"]
[EventRounds "11"]
[EventCountry "SVK"]
[SourceTitle "EXT 2024"]
[Source "ChessBase"]
[SourceDate "2023.10.10"]
[SourceVersion "1"]
[SourceVersionDate "2023.10.10"]
[SourceQuality "1"]
[WhiteTeam "Komarno II"]
[BlackTeam "Tlmace"]
[WhiteTeamCountry "SVK"]
[BlackTeamCountry "SVK"]

1. e4 c5 2. Nf3 Nc6 3. d4 cxd4 4. Nxd4 Qc7 5. Nc3 a6 6. Be3 Nf6 7. Be2 e5 8. Nb3 Bb4 9. Qd3 d6 10. 0-0 Bxc3 11. bxc3 0-0 12. Bg5 Ne8 13. Rad1 Be6 14. Be3 Rc8 15. a4 Na5 16. Nxa5 Qxa5 17. Rb1 Qxa4 18. Rxb7 Bc4 19. Qd2 Bxe2 20. Rb4 Qc6 21. Qxe2 a5 22. Rb5 Qxe4 23. Rxa5 Rxc3 24. Rc1 Nf6 25. Qd2 Qc6 26. Ra6 Qxa6 27. Qxc3 Rc8 28. Ra1 Qb7 29. Qa3 Qc6 30. Ra2 h6 31. h3 Nd5 32. Bd2 Nb6 33. Qg3 Kh7 34. Bb4 Nd5 35. Bd2 Qc4 36. Qd3+ e4 37. Qxc4 Rxc4 38. Kf1 h5 39. Ke1 f6 40. g3 Kg6 41. Ra6 Rxc2 42. Rxd6 Rc5 43. Rd7 Nb6 44. Re7 Rc4 45. Ke2 Nd5 46. Rd7 Rd4 47. Rb7 Rd3 48. Ra7 h4 49. Be1 Nc3+ 50. Kf1 hxg3 51. fxg3 Rf3+ 52. Kg2 Nd1 53. g4 Ne3+ 54. Kh2 Rf1 55. Bb4 Rf2+ 56. Kg1 Rg2+ 57. Kh1 Rg3 58. Kh2 Nf1+ 59. Kh1 Rxh3+ 60. Kg2 Rf3 61. Bf8 Ne3+ 62. Kg1 Nxg4 63. Rxg7+ Kf5 64. Bc5 Ne5 65. Re7 Rd3 66. Kf2 Kf4 67. Re6 Kf5 68. Re8 Ng4+ 69. Ke2 Rc3 70. Bb4 Rc2+ 71. Kd1 Ne3+ 72. Ke1 Kf4 73. Bd2 Kf3 74. Rf8 f5 75. Rf7 Ra2 76. Bb4 Re2# 0-1

[Event "SVK-chT 2223"]
[Site "Slovakia"]
[Date "2023.01.22"]
[Round "6.4"]
[White "Molnar, Erno"]
[Black "Brnusak, Tomas"]
[Result "1/2-1/2"]
[WhiteElo "2234"]
[BlackElo "2151"]
[PlyCount "48"]
[EventDate "2022.10.22"]
[EventType "team-tourn"]
[EventRounds "11"]
[EventCountry "SVK"]
[SourceTitle "EXT 2024"]
[Source "ChessBase"]
[SourceDate "2023.10.10"]
[SourceVersion "1"]
[SourceVersionDate "2023.10.10"]
[SourceQuality "1"]
[WhiteTeam "Komarno"]
[BlackTeam "Liptov Chess School"]
[WhiteTeamCountry "SVK"]
[BlackTeamCountry "SVK"]

1. e4 e5 2. Nf3 Nc6 3. Bb5 Nf6 4. Qe2 Qe7 5. c3 a6 6. Ba4 b5 7. Bc2 g6 8. a4 b4 9. a5 Bg7 10. 0-0 0-0 11. d3 d5 12. Be3 h6 13. Nbd2 Be6 14. Nb3 Nd7 15. d4 bxc3 16. bxc3 exd4 17. Nbxd4 Nxd4 18. Bxd4 Bg4 19. Bxg7 Kxg7 20. h3 Bxf3 21. Qxf3 dxe4 22. Qxe4 Qxe4 23. Bxe4 Rab8 24. Rab1 Nc5 1/2-1/2

[Event "SVK-chT2B 2223"]
[Site "Slovakia"]
[Date "2022.11.27"]
[Round "6.1"]
[White "Balogh, Marian"]
[Black "Molnar, Erno"]
[Result "1/2-1/2"]
[WhiteElo "2222"]
[BlackElo "2251"]
[PlyCount "78"]
[EventDate "2022.10.08"]
[EventType "team-tourn"]
[EventRounds "11"]
[EventCountry "SVK"]
[SourceTitle "EXT 2024"]
[Source "ChessBase"]
[SourceDate "2023.10.10"]
[SourceVersion "1"]
[SourceVersionDate "2023.10.10"]
[SourceQuality "1"]
[WhiteTeam "Nove Zamky"]
[BlackTeam "Komarno II"]
[WhiteTeamCountry "SVK"]
[BlackTeamCountry "SVK"]

1. e4 e5 2. d4 exd4 3. c3 d5 4. Qxd4 dxe4 5. Qxe4+ Be7 6. Bg5 Nd7 7. Nf3 Ngf6 8. Qc2 Nd5 9. Bc4 N7b6 10. Bxd5 Nxd5 11. Qe4 f6 12. 0-0 fxg5 13. Rd1 c6 14. c4 0-0 15. cxd5 g4 16. Nc3 Bf5 17. Qc4 cxd5 18. Nxd5 Be6 19. Qe4 Bxd5 20. Rxd5 Qc7 21. Qxg4 Bf6 22. Rad1 Qb6 23. b3 Rae8 24. Qc4 Kh8 25. h4 a6 26. Rd6 Qa5 27. b4 Qf5 28. R6d5 Qe4 29. Qxe4 Rxe4 30. a3 Bxh4 31. Rd7 Bf6 32. Rxb7 g5 33. Rdd7 g4 34. Rf7 Rxf7 35. Rxf7 Bb2 36. Ng5 Re1+ 37. Kh2 Re5 38. f4 gxf3 39. Nxf3 Rh5+ 1/2-1/2

[Event "SVK-chT2B 2223"]
[Site "Slovakia"]
[Date "2022.11.26"]
[Round "5.1"]
[White "Molnar, Erno"]
[Black "Szegi, Tamas"]
[Result "1-0"]
[WhiteElo "2251"]
[BlackElo "2216"]
[PlyCount "91"]
[EventDate "2022.10.08"]
[EventType "team-tourn"]
[EventRounds "11"]
[EventCountry "SVK"]
[SourceTitle "EXT 2024"]
[Source "ChessBase"]
[SourceDate "2023.10.10"]
[SourceVersion "1"]
[SourceVersionDate "2023.10.10"]
[SourceQuality "1"]
[WhiteTeam "Komarno II"]
[BlackTeam "Batorove Kosihy"]
[WhiteTeamCountry "SVK"]
[BlackTeamCountry "SVK"]

1. e4 c5 2. Nf3 d6 3. d4 cxd4 4. Nxd4 Nf6 5. Nc3 a6 6. Bg5 e6 7. f4 Be7 8. Qf3 Qc7 9. 0-0-0 Nbd7 10. Bd3 h6 11. Bh4 g5 12. fxg5 Ne5 13. Qe2 Nfd7 14. Qh5 Nc5 15. Nf3 Ncxd3+ 16. cxd3 Nxf3 17. gxf3 d5 18. Bg3 Bxg5+ 19. Kb1 Qc6 20. exd5 exd5 21. h4 d4 22. Rhe1+ Kf8 23. Ne4 Be7 24. Be5 Rh7 25. Nf6 Bxf6 26. Bxf6 Be6 27. Bxd4 Bxa2+ 28. Kxa2 Qa4+ 29. Kb1 Qxd4 30. Re4 Qd6 31. d4 Rg7 32. d5 Rd8 33. Qf5 Rg6 34. h5 Qf6 35. Qh3 Rg5 36. f4 Qf5 37. Qe3 Rg3 38. Qc5+ Kg8 39. Qc2 Qg4 40. d6 Rg2 41. Qd3 Rg1 42. Ree1 Rxe1 43. Rxe1 Kf8 44. Qh7 Qg7 45. Qe4 Kg8 46. Qe8+ 1-0

[Event "SVK-chT2B 2223"]
[Site "Slovakia"]
[Date "2022.11.13"]
[Round "4.1"]
[White "Lasch, Miroslav"]
[Black "Molnar, Erno"]
[Result "0-1"]
[WhiteElo "2043"]
[BlackElo "2216"]
[PlyCount "106"]
[EventDate "2022.10.08"]
[EventType "team-tourn"]
[EventRounds "11"]
[EventCountry "SVK"]
[SourceTitle "EXT 2024"]
[Source "ChessBase"]
[SourceDate "2023.10.10"]
[SourceVersion "1"]
[SourceVersionDate "2023.10.10"]
[SourceQuality "1"]
[WhiteTeam "Dubnica nad Vahom III"]
[BlackTeam "Komarno II"]
[WhiteTeamCountry "SVK"]
[BlackTeamCountry "SVK"]

1. e4 e5 2. Nf3 Nc6 3. Bb5 a6 4. Bxc6 dxc6 5. d4 exd4 6. Qxd4 Qxd4 7. Nxd4 Bd7 8. Be3 0-0-0 9. Nd2 Ne7 10. 0-0-0 Ng6 11. Rhe1 f6 12. f3 h5 13. a3 Bd6 14. Nf1 h4 15. h3 c5 16. Ne2 Be6 17. Nc3 b5 18. Nd2 Nf4 19. Bxf4 Bxf4 20. b3 c4 21. b4 Rd7 22. Ne2 Be3 23. c3 Rhd8 24. Nd4 Bxd4 25. cxd4 Rxd4 26. Nf1 c5 27. bxc5 Kc7 28. Rxd4 Rxd4 29. Rd1 Rxd1+ 30. Kxd1 Kc6 31. g4 hxg3 32. Nxg3 Bxh3 33. Nh5 Bg2 34. Ke2 c3 35. Nxg7 Bxf3+ 36. Kd3 Bxe4+ 37. Kxc3 Kxc5 38. Ne6+ Kd6 39. Nd4 Bc6 40. Kb4 Bd7 41. Ka5 f5 42. Kxa6 f4 43. Kb6 Kd5 44. Nf3 Kc4 45. Kc7 Be8 46. Kd6 Bh5 47. Ne5+ Kd4 48. Nc6+ Kc3 49. Ne7 f3 50. Nf5 f2 51. Ng3 Kb2 52. Kc5 Be2 53. Nxe2 f1Q 0-1

[Event "SVK-chT1W 2223"]
[Site "Slovakia"]
[Date "2022.11.06"]
[Round "4.5"]
[White "Molnar, Erno"]
[Black "Koval, Maros"]
[Result "1-0"]
[WhiteElo "2216"]
[BlackElo "2076"]
[PlyCount "68"]
[EventDate "2022.10.15"]
[EventType "team-tourn"]
[EventRounds "11"]
[EventCountry "SVK"]
[SourceTitle "EXT 2024"]
[Source "ChessBase"]
[SourceDate "2023.10.10"]
[SourceVersion "1"]
[SourceVersionDate "2023.10.10"]
[SourceQuality "1"]
[WhiteTeam "Gabcikovo MSK"]
[BlackTeam "Bratislava Lokomotiva"]
[WhiteTeamCountry "SVK"]
[BlackTeamCountry "SVK"]

1. e4 e5 2. Nf3 Nf6 3. Nxe5 Nxe4 4. Qe2 Qe7 5. d4 d6 6. Nd3 Bf5 7. f3 Nf6 8. Bg5 Nbd7 9. Nc3 0-0-0 10. 0-0-0 Qxe2 11. Bxe2 Be7 12. g4 Bxd3 13. Bxd3 Rde8 14. Bd2 Nb6 15. h4 d5 16. Bf4 a6 17. h5 h6 18. Kb1 Bb4 19. Ne2 Nc4 20. b3 Ne3 21. Rhg1 c5 22. c3 c4 23. cxb4 cxd3 24. Nc3 Nc2 25. Rc1 Kd8 26. Rgd1 Nxb4 27. Na4 Re2 28. Nc5 Nd7 29. Nxb7+ Ke7 30. Bd6+ Kf6 31. Bxb4 Rb8 32. Rc7 Nf8 33. Bxf8 Rxf8 34. Rxd3 Kg5 1-0

[Event "SVK-ch rapid"]
[Site "Podbanske"]
[Date "2022.09.10"]
[Round "5"]
[White "Gago Padreny, Ignacio"]
[Black "Molnar, Erno"]
[Result "1-0"]
[WhiteElo "2230"]
[BlackElo "1963"]
[PlyCount "57"]
[EventDate "2022.09.10"]
[EventType "swiss (rapid)"]
[EventRounds "9"]
[EventCountry "SVK"]
[SourceTitle "CBM 210 Extra"]
[Source "ChessBase"]
[SourceDate "2022.11.30"]
[SourceVersion "1"]
[SourceVersionDate "2022.11.30"]
[SourceQuality "1"]

1. d4 Nf6 2. c4 g6 3. Nc3 d5 4. cxd5 Nxd5 5. e4 Nxc3 6. bxc3 Bg7 7. Be3 c5 8. Rc1 0-0 9. Nf3 Qa5 10. Qd2 cxd4 11. cxd4 Qxd2+ 12. Nxd2 Nc6 13. Nb3 Rd8 14. d5 Ne5 15. h3 f5 16. f4 Nf7 17. e5 Rxd5 18. Bc4 Rd8 19. Ke2 b6 20. Nd4 Bb7 21. Ne6 Rdc8 22. Bb3 h6 23. Rxc8+ Rxc8 24. Rd1 Bc6 25. Rc1 Bb5+ 26. Kf2 Rxc1 27. Bxc1 Bd7 28. Nxg7 Kxg7 29. e6 1-0

[Event "SVK-ch rapid"]
[Site "Podbanske"]
[Date "2022.09.10"]
[Round "2"]
[White "Molnar, Erno"]
[Black "Pacher, Milan"]
[Result "0-1"]
[WhiteElo "1963"]
[BlackElo "2356"]
[PlyCount "84"]
[EventDate "2022.09.10"]
[EventType "swiss (rapid)"]
[EventRounds "9"]
[EventCountry "SVK"]
[SourceTitle "CBM 210 Extra"]
[Source "ChessBase"]
[SourceDate "2022.11.30"]
[SourceVersion "1"]
[SourceVersionDate "2022.11.30"]
[SourceQuality "1"]

1. e4 c5 2. Nf3 e6 3. d4 cxd4 4. Nxd4 Nc6 5. Nc3 a6 6. Be3 Nf6 7. Nxc6 bxc6 8. e5 Nd5 9. Nxd5 cxd5 10. Be2 Rb8 11. Bd4 Qa5+ 12. Qd2 Qxd2+ 13. Kxd2 Be7 14. f4 0-0 15. b3 f6 16. Rhf1 fxe5 17. fxe5 Bb7 18. Rxf8+ Rxf8 19. Rf1 Rc8 20. c3 Bc6 21. a4 a5 22. g3 d6 23. Bg4 Bd7 24. Kc2 dxe5 25. Bxe5 Bf6 26. Bxf6 Rf8 27. Re1 Rxf6 28. Kd3 Kf7 29. Kd4 Ke7 30. Kc5 Rf8 31. Bd1 Rc8+ 32. Kd4 Kd6 33. Rf1 e5+ 34. Kd3 Be6 35. b4 e4+ 36. Kd2 axb4 37. cxb4 d4 38. b5 e3+ 39. Ke1 Rc1 40. Rf8 Bg4 41. Rd8+ Ke5 42. Re8+ Kf6 0-1

[Event "SVK-chT 2122"]
[Site "Slovakia"]
[Date "2022.06.10"]
[Round "9.3"]
[White "Petran, Peter"]
[Black "Molnar, Erno"]
[Result "1/2-1/2"]
[WhiteElo "2231"]
[BlackElo "2240"]
[PlyCount "94"]
[EventDate "2021.10.23"]
[EventType "team-tourn"]
[EventRounds "11"]
[EventCountry "SVK"]
[SourceTitle "EXT 2023"]
[Source "ChessBase"]
[SourceDate "2022.10.05"]
[SourceVersion "1"]
[SourceVersionDate "2022.10.05"]
[SourceQuality "1"]
[WhiteTeam "Bratislava Slovan"]
[BlackTeam "Dunajska Streda"]
[WhiteTeamCountry "SVK"]
[BlackTeamCountry "SVK"]

1. c4 e5 2. g3 Nf6 3. Bg2 c6 4. d4 Bb4+ 5. Bd2 Bxd2+ 6. Qxd2 d6 7. Nc3 0-0 8. e4 b5 9. cxb5 cxb5 10. Nge2 a6 11. 0-0 Bb7 12. a3 Nc6 13. Rad1 Rc8 14. b4 Qb6 15. d5 Ne7 16. h3 Nd7 17. Nc1 f5 18. exf5 Nxf5 19. N1e2 Ne7 20. Ne4 Nf6 21. N2c3 Rc4 22. Nxf6+ Rxf6 23. Rc1 Rd4 24. Qc2 Rf8 25. Ne2 Rc4 26. Qd2 Rxc1 27. Nxc1 Nf5 28. Ne2 Rc8 29. Be4 Nd4 30. Re1 Rc2 31. Qd3 Rxe2 32. Rxe2 Nxe2+ 33. Qxe2 Qc7 34. Qd3 g6 35. h4 Qf7 36. Qd2 Kg7 37. h5 Qe7 38. h6+ Kf7 39. Qe3 Kg8 40. Qb6 Kf7 41. Qa7 Qc7 42. Kh2 Qd7 43. Qe3 Bc8 44. Kg1 Qg4 45. Bf3 Qf5 46. Be4 Qg4 47. Bf3 Qf5 1/2-1/2

[Event "SVK-chT2B 2122"]
[Site "Slovakia"]
[Date "2022.03.26"]
[Round "8.1"]
[White "Molnar, Erno"]
[Black "Berek, Geza"]
[Result "1/2-1/2"]
[WhiteElo "2210"]
[BlackElo "2185"]
[PlyCount "42"]
[EventDate "2021.10.16"]
[EventType "team-tourn"]
[EventRounds "11"]
[EventCountry "SVK"]
[SourceTitle "EXT 2023"]
[Source "ChessBase"]
[SourceDate "2022.10.05"]
[SourceVersion "1"]
[SourceVersionDate "2022.10.05"]
[SourceQuality "1"]
[WhiteTeam "Komarno II"]
[BlackTeam "Levice II"]
[WhiteTeamCountry "SVK"]
[BlackTeamCountry "SVK"]

1. e4 g6 2. d4 Bg7 3. Nc3 d6 4. f4 Nf6 5. Nf3 c5 6. Bb5+ Bd7 7. e5 Ng4 8. e6 fxe6 9. Ng5 Bxb5 10. Nxe6 Bxd4 11. Nxb5 Qa5+ 12. Qd2 Qxd2+ 13. Bxd2 Nc6 14. Nec7+ Kd7 15. Nxa8 Rxa8 16. h3 Nf2 17. Rf1 Ne4 18. Nxd4 Nxd4 19. 0-0-0 Rf8 20. Be3 Ne2+ 21. Kb1 N2g3 1/2-1/2

[Event "Skalica Masters op"]
[Site "Skalica"]
[Date "2020.08.29"]
[Round "8"]
[White "O'Gorman, Tom"]
[Black "Molnar, Erno"]
[Result "1/2-1/2"]
[WhiteElo "2345"]
[BlackElo "2221"]
[PlyCount "135"]
[EventDate "2020.08.23"]
[EventType "swiss"]
[EventRounds "9"]
[EventCountry "SVK"]
[SourceTitle "CBM 198 Extra"]
[Source "ChessBase"]
[SourceDate "2020.11.30"]
[SourceVersion "1"]
[SourceVersionDate "2020.11.30"]
[SourceQuality "1"]

1. e4 e5 2. Nf3 Nc6 3. Bb5 a6 4. Ba4 Nf6 5. 0-0 Be7 6. Re1 b5 7. Bb3 0-0 8. c3 d6 9. h3 Re8 10. Ng5 Rf8 11. Nf3 Re8 12. d4 Bf8 13. Bg5 h6 14. Bh4 Bb7 15. Nbd2 g6 16. Nf1 Bg7 17. a4 Qd7 18. dxe5 Nxe5 19. Nxe5 Rxe5 20. Bxf6 Bxf6 21. Ne3 Rxe4 22. Qf3 Bg5 23. axb5 axb5 24. Nd5 Rxe1+ 25. Rxe1 Re8 26. Rxe8+ Qxe8 27. Kf1 Kg7 28. Nxc7 Bxf3 29. Nxe8+ Kf8 30. Nxd6 Bc6 31. Nxf7 Bc1 32. Ne5 Be4 33. f3 Bb1 34. Bf7 Bxb2 35. Bxg6 Ba2 36. Bd3 Bxc3 37. Nd7+ Ke7 38. Bxb5 Bc4+ 39. Bxc4 Kxd7 40. Kf2 Ke7 41. f4 Kf6 42. Kf3 Be1 43. Kg4 Bd2 44. Bd3 Be3 45. Bb5 Bd2 46. h4 Be1 47. Bd7 Bf2 48. Kh5 Bg3 49. Kg4 Bf2 50. Bc8 Be1 51. Kh3 Bd2 52. g3 Kg7 53. Kg4 Be1 54. h5 Kf6 55. Ba6 Bd2 56. Be2 Bc1 57. Kf3 Bd2 58. Bd1 Be1 59. g4 Bd2 60. Ke4 Bc1 61. g5+ hxg5 62. f5 Kg7 63. Kd5 Bb2 64. Ke6 Bc3 65. Bg4 Bb2 66. f6+ Bxf6 67. h6+ Kxh6 68. Kxf6 1/2-1/2

[Event "Skalica Masters op"]
[Site "Skalica"]
[Date "2020.08.24"]
[Round "3"]
[White "Molnar, Erno"]
[Black "Grieve, Harry"]
[Result "1-0"]
[WhiteElo "2221"]
[BlackElo "2356"]
[PlyCount "63"]
[EventDate "2020.08.23"]
[EventType "swiss"]
[EventRounds "9"]
[EventCountry "SVK"]
[SourceTitle "CBM 198 Extra"]
[Source "ChessBase"]
[SourceDate "2020.11.30"]
[SourceVersion "1"]
[SourceVersionDate "2020.11.30"]
[SourceQuality "1"]

1. e4 e5 2. Nf3 Nc6 3. Bb5 a6 4. Ba4 Nf6 5. Qe2 Be7 6. c3 b5 7. Bb3 d5 8. d3 0-0 9. 0-0 Bb7 10. Nbd2 Re8 11. exd5 Nxd5 12. Ne4 h6 13. Re1 Qd7 14. Be3 Rad8 15. Rad1 Qg4 16. Bc5 Nf4 17. Qf1 Bxc5 18. Nxc5 Nd4 19. Nxb7 Nxf3+ 20. Kh1 Qh5 21. h3 Nxe1 22. Nxd8 Rxd8 23. Rxe1 Nxd3 24. Re3 Nxb2 25. Rf3 Rd7 26. Qe2 Nd3 27. Qe4 Nc5 28. Qc6 e4 29. Bxf7+ Rxf7 30. Qe8+ Kh7 31. Rxf7 Qg5 32. Rf8 1-0

[Event "SVK-chT1W 1920"]
[Site "Slovakia"]
[Date "2020.06.20"]
[Round "10.4"]
[White "Molnar, Erno"]
[Black "Chlpik, Martin"]
[Result "1-0"]
[WhiteElo "2211"]
[BlackElo "2258"]
[PlyCount "91"]
[EventDate "2019.10.12"]
[EventType "team-tourn"]
[EventRounds "11"]
[EventCountry "SVK"]
[SourceTitle "EXT 2022"]
[Source "ChessBase"]
[SourceDate "2021.10.06"]
[SourceVersion "1"]
[SourceVersionDate "2021.10.06"]
[SourceQuality "1"]
[WhiteTeam "Komarno"]
[BlackTeam "Bratislava Doprastav"]
[WhiteTeamCountry "SVK"]
[BlackTeamCountry "SVK"]

1. e4 c5 2. Nf3 d6 3. d4 cxd4 4. Nxd4 Nf6 5. Nc3 a6 6. Bg5 e6 7. f4 h6 8. Bh4 Be7 9. Qf3 Qc7 10. 0-0-0 Nbd7 11. Bd3 g5 12. fxg5 Ne5 13. Qe2 Nfg4 14. Nf3 hxg5 15. Bxg5 Bxg5+ 16. Nxg5 Qc5 17. Nh3 Bd7 18. Rd2 Ke7 19. Nf4 Rxh2 20. Rxh2 Qg1+ 21. Rd1 Qxh2 22. Qd2 Qg3 23. Be2 Rh8 24. Bxg4 Nc4 25. Ng6+ fxg6 26. Qg5+ Ke8 27. Qxg6+ Kd8 28. Qf6+ Kc7 29. Qxh8 Qxg4 30. Qd4 Qf4+ 31. Kb1 b5 32. b3 Nb6 33. a4 bxa4 34. bxa4 a5 35. Nb5+ Bxb5 36. axb5 Qg3 37. e5 Nd5 38. Qa7+ Kc8 39. Qa8+ Kc7 40. Qc6+ Kb8 41. Qxd6+ Ka7 42. Rxd5 exd5 43. Qc7+ Ka8 44. b6 Qe1+ 45. Ka2 Qa1+ 46. Kxa1 1-0

[Event "SVK-chT1W 1920"]
[Site "Slovakia"]
[Date "2020.01.25"]
[Round "7.3"]
[White "Borhy, Marcell Boldizsar"]
[Black "Molnar, Erno"]
[Result "1/2-1/2"]
[WhiteElo "2270"]
[BlackElo "2228"]
[PlyCount "44"]
[EventDate "2019.10.12"]
[EventType "team-tourn"]
[EventRounds "11"]
[EventCountry "SVK"]
[SourceTitle "CBM 194 Extra"]
[Source "ChessBase"]
[SourceDate "2020.03.31"]
[SourceVersion "1"]
[SourceVersionDate "2020.03.31"]
[SourceQuality "1"]
[WhiteTeam "Gabcikovo MSK"]
[BlackTeam "Komarno"]
[WhiteTeamCountry "SVK"]
[BlackTeamCountry "SVK"]

1. d4 Nf6 2. c4 g6 3. g3 Bg7 4. Bg2 d5 5. cxd5 Nxd5 6. Nf3 Nb6 7. Nc3 Nc6 8. 0-0 Nxd4 9. Nxd4 Qxd4 10. Nb5 Qc4 11. Qb3 0-0 12. Qxc4 Nxc4 13. Nxc7 Rb8 14. Rb1 Rd8 15. Nd5 Be6 16. e4 Bxd5 17. exd5 Rd7 18. Re1 Bf6 19. b3 Nb6 20. Ba3 Nxd5 21. Bxd5 Rxd5 22. Bxe7 Kg7 1/2-1/2